00553 2200205 4500001002100000005001500021035002000036007000300056008004100059020001800100082000800118084001400126100002100140245007300161250001100234260003800245300003300283650001600316990001500332INLIS00000000000186320180404103848 a0010-0418000020ta180404 g 0 ind  a979-518-663-9 a301 a301 KOE p0 aKOENTJARANINGRAT1 aPengantar Antropologi Pokok - Pokok Etnografi II /cKoentjaraningrat acet. 3 aJakarta :bPT Rineka Cipta,c2005 av; 224 hlm ;c15,5 x 23,5 cm aANTROPOLOGI a1071 411 A